banner-ar

THE OXFORD LARGE PRINT DICTIONARY / (Record no. 11295)

MARC details
000 -الفاتح
حقل البيانات ثابتة الطول 00584nam a2200205Ia 4500
005 - وقت وتاريخ اخر تعامل مع التسجيلة
رقم الضبط 20240530095838.0
008 - عناصر البيانات ثابتة الطول - معلومات عامة
حقل البيانات ثابتة الطول 140319s9999 xx 000 0 eng d
040 ## - مصدر الفهرسة
وكالة الفهرسة الأصلية GCL /
وكالة النسخ GCL
082 04 - رقم تصنيف ديوى العشرى
رقم التصنيف 423
رقم المادة P O
100 1# - المدخل الرئيسى - إسم شخصى
الإسم الشخصى POLLARD, ELAINE
245 10 - بيان العنوان
العنوان THE OXFORD LARGE PRINT DICTIONARY /
بيان المسئوليه,etc POLLARD, ELAINE , LIEBECK, HELEN
260 ## - PUBLICATION, DISTRIBUTION, ETC. (IMPRINT)
تاريخ النشر أو التوزيع 1995
300 ## - الوصف المادى
التعداد 939 p ;
أبعاد الوعاء 32 cm
650 04 - المدخل الاضافى بالموضوع-مصطلح موضوعى
مصطلح موضوعي ENGLISH DICTIONARY
650 04 - المدخل الاضافى بالموضوع-مصطلح موضوعى
مصطلح موضوعي DICTIONARIES
650 04 - المدخل الاضافى بالموضوع-مصطلح موضوعى
مصطلح موضوعي ENGLISH LANGUAGE
700 1# - المدخل الاضافى - اسم شخصى
الإسم الشخصى LIEBECK, HELEN
الدور senior editor
942 ## - عناصر المدخل الإضافي( كوها)
مصدر التصنيف او مخطط الترفيف Dewey Decimal Classification
Koha [default] item type كتاب
260 ## - PUBLICATION, DISTRIBUTION, ETC. (IMPRINT)
-- london :
-- OXFORD UNIVERSITY PRESS ،
Holdings
حالة التراجع حالة الفقد حالة تلف ليس للاعارة المكان المؤقت الموقع الحالى تاريخ الاكتساب اجمالي اﻻعارات رقم الطلب الباركود تاريخ اخر مشاهدة تاريخ تفعيل السعر نوع وعاء كوها
        مكتبة القاهرة الكبرى مكتبة القاهرة الكبرى 03/26/2014   423\P O 22403 03/26/2014 03/26/2014 كتاب

Powered By

EGPV